Caminando hacia la equidad: entendiendo el géneo y el poder en el mundo rural /
El documento presenta un estudio de los trabajos realizados por la fundación Arias en Centroamérica y Panamá, sobre el tema del acceso de las mujeres a la tierra.
Guardado en:
| Autor Corporativo: | |
|---|---|
| Formato: | Desconocido |
| Lenguaje: | Spanish |
| Publicado: |
San José, Costa Rica:
Fundación Arias para la Paz y el Progreso Humano
2003
|
| Materias: | |
| Etiquetas: |
Agregar Etiqueta
Sin Etiquetas, Sea el primero en etiquetar este registro!
|
MARC
| LEADER | 00000 a2200000 04500 | ||
|---|---|---|---|
| 001 | 38330 | ||
| 003 | cru CIDCACS/IIS | ||
| 005 | 20230629143522.0 | ||
| 008 | 991231s2003 cr spa d | ||
| 020 | |a 9977-17-109-2 | ||
| 040 | |c cru IIS |d cru IIS | ||
| 090 | |a 04.02.03 C183ca | ||
| 110 | |a Fundación Arias para la Paz y el Progreso Humano | ||
| 245 | |a Caminando hacia la equidad: entendiendo el géneo y el poder en el mundo rural / |c Fundación Arias para la Paz y el Progreso Humano | ||
| 260 | |a San José, Costa Rica: |b Fundación Arias para la Paz y el Progreso Humano |c 2003 | ||
| 300 | |a 64 páginas | ||
| 500 | |a Forma parte de la Serie: Con Voz Propia: Construyendo la equidad en el mundo rural. Módulo 1. | ||
| 520 | |a El documento presenta un estudio de los trabajos realizados por la fundación Arias en Centroamérica y Panamá, sobre el tema del acceso de las mujeres a la tierra. | ||
| 650 | |a EQUIDAD SOCIAL | ||
| 650 | |a GENERO | ||
| 650 | |a PODER POLITICO | ||
| 650 | |a TRABAJO | ||
| 942 | |2 ddc |c LITG |h 04.02.03 C183ca |i 05856 |6 040203_C183CA_05856 | ||
| 999 | |c 10984 |d 10984 | ||



